SPOLOK SLOVENSKÝCH LEKÁROV V BRATISLAVE

Bibliographic Details
Main Authors: Barta (Author), Gressner (Author), Handzo (Author), Komadel, Ľudovít, 1927-2022 (Author), Spiššák (Author)
Format: Article
Language:Slovak

MARC

LEADER 00000nab a2200000ua 4500
001 vtls010797737
003 SK-MaSNL
005 20260304012110.0
008 230214s1961 xo |||||||||||||||||slo|
035 |a (urnnbn)urn:nbn:sk:snk:ar-a03d4b 
035 |a (uuid)b6abd3d9-7855-425d-aa2d-795612595f34 
035 |a urn:nbn:sk:snk-ab57sw 
040 |a SNKBUCL  |b slo  |c SNKBUCL  |e AACR2 
041 0 |a slo 
044 |a xo  |c SK 
100 1 |a Barta  |4 aut  |9 492016 
245 1 0 |a SPOLOK SLOVENSKÝCH LEKÁROV V BRATISLAVE  |c Barta, Gressner, Handzo, Komadel, Spiššák 
700 1 |a Gressner  |4 aut  |9 1291518 
700 1 |a Handzo  |4 aut  |9 1141056 
700 1 |a Komadel, Ľudovít,  |d 1927-2022  |4 aut  |9 15774 
700 1 |a Spiššák  |4 aut  |9 1141326 
773 0 |t Bratislavské lekárske listy  |g Roč. 41, č. 6 (1961), s. 370-375 
954 |a odborná, vedecká literatúra pôvodná (slovenská)  |2 lita 
958 |a OND 
958 |a EUIPO 
958 |a article3 
999 |c 2569713  |d 2571643